Statistics for What Am I Riddles Quiz

Click here to take the quiz!

General Stats

  • This quiz has been taken 38 times
  • The average score is 9 of 21

Answer Stats

What Am IAnswer% Correct
I am not alive, but I grow; I don't have lungs, but I need air; I don't have a mouth, but water kills me. What am I?Fire
76%
Always in you, Sometimes on you; Essential for life. If I surround you, I can kill you. What am I?Water
66%
I have two hands, but I can not scratch myself. What am I?Clock
62%
I'm tall when I'm young and I'm short when I'm old. What am I?Candle | Pencil
55%
I am a word of six; my first three letters refer to an automobile; my last three letters refer to a household animal; my first four letters is a fish; my whole is found in your room. What am I?Carpet
52%
My life can be measured in hours, I serve by being devoured. Thin, I am quick. Fat, I am slow. Wind is my foe. What am I?Candle
48%
This is as light as a feather, yet no man can hold it for long. What am I?Breath
45%
I am useless when together but useful when I am broken apart. What am I?Egg
45%
Four fingers and a thumb, Yet flesh and blood, I have none. What am I?Glove
45%
I have a thousand needles but I do not sew. What am I?Porcupine
45%
I am white when I am dirty, and black when I am clean. What am I?Blackboard
41%
You can touch me, You can break me, You should win me if you want to be mine.Heart
41%
Until I am measured I am not known, Yet how you miss me when I have flown. What Am I?Time
41%
The more you take away, the more I become. What am I?Hole
38%
I'm white, and used for cutting and grinding. When I'm damaged, humans usually remove me or fill me. For most animals I am a useful tool.Tooth
38%
There was a green house. Inside the green house there was a white house Inside the white house there was a red house. Inside the red house there were lots of babies. What am I?Watermelon
38%
I can be cracked, I can be made. I can be told, I can be played. What am I?Joke
34%
I'm the part of the bird that's not in the sky. I can swim in the ocean and yet remain dry. What am I?Shadow
28%
I am something people love or hate. I change peoples appearances and thoughts. If a person takes care of them self I will go up even higher. To some people I will fool them. To others I am a mystery. Some people might want to try and hide me but I will show. No matter how hard people try I will Never go down. What am I?Age
24%
I make two people out of one. What am I?Mirror
24%
I have no feet, no hands, no wings, but I climb to the sky. What am I?Smoke | Fog
17%

Score Distribution

Percentile by Number Answered

Percent of People with Each Score

Your Score History

You have not taken this quiz